000 00559nam a2200205Ia 4500
003 OSt
005 20220925215747.0
006 a|||||r|||| 00| 0
007 ta
008 220923b |||||||| |||| 00| 0 eng d
037 _cGeneral Book
040 _aRTL
_cRTL
_beng
041 _2eng
_aeng
082 _aa14,3m3, N82, M2.2
245 0 _aBritish books in prints
_b 1982 v.2
260 _aLondon
_bJ. whitaker
_c1982
300 _aiv, 2977-6130p
_ccm.
942 _ha14,3m3, N82, M2.2
_cGB
_2CC
999 _c569640
_d569640